Vài khía cạnh kỹ thuật và kinh tế trong việc dùng máy ấp "Showa Type K400" để ấp trứng vịt
Guardat en:
| Autor principal: | |
|---|---|
| Format: | Llibre |
| Idioma: | Undetermined |
| Publicat: |
Cần Thơ
Viện Đại Học Cần Thơ - Trường Cao Đẳng Nông Nghiệp
1973
|
| Matèries: | |
| Etiquetes: |
Afegir etiqueta
Sense etiquetes, Sigues el primer a etiquetar aquest registre!
|
| Thư viện lưu trữ: | Trung tâm Học liệu Trường Đại học Cần Thơ |
|---|
| LEADER | 00676nam a2200181Ia 4500 | ||
|---|---|---|---|
| 001 | CTU_33536 | ||
| 008 | 210402s9999 xx 000 0 und d | ||
| 082 | |a 636.5 | ||
| 082 | |b A107 | ||
| 100 | |a Lý Tấn Anh | ||
| 245 | 0 | |a Vài khía cạnh kỹ thuật và kinh tế trong việc dùng máy ấp "Showa Type K400" để ấp trứng vịt | |
| 245 | 0 | |c Lý Tấn Anh | |
| 260 | |a Cần Thơ | ||
| 260 | |b Viện Đại Học Cần Thơ - Trường Cao Đẳng Nông Nghiệp | ||
| 260 | |c 1973 | ||
| 650 | |a ducks - breeding,poultry - breeding | ||
| 904 | |i Minh, 991101 | ||
| 980 | |a Trung tâm Học liệu Trường Đại học Cần Thơ | ||